| 000 | 00525nam a2200169 i 4500 | ||
|---|---|---|---|
| 001 | 84218 | ||
| 003 | ES-MaACL | ||
| 005 | 20231223063052.0 | ||
| 007 | t| | ||
| 008 | 041122s1915 sp ||||1| spa d | ||
| 100 | 1 |
_aIzquierdo y Martínez, José María, _d1886-1922 _965750 |
|
| 245 | 1 | 0 |
_aPor la parábola de la vida / _cJosé Mª Izquierdo. |
| 260 |
_aSevilla : _b[s.n., _c1915] ( _fImprenta de Joaquín L. Arévalo) |
||
| 300 |
_aXIII, 287 p. ; _c19 cm. |
||
| 852 |
_aES-MaACL _jF-2328 |
||
| 999 |
_c84218 _d84218 |
||